<?xml version="1.0" encoding="UTF-8"?><?xml-stylesheet type="text/xsl" href="static/style.xsl"?><OAI-PMH xmlns="http://www.openarchives.org/OAI/2.0/" xmlns:xsi="http://www.w3.org/2001/XMLSchema-instance" xsi:schemaLocation="http://www.openarchives.org/OAI/2.0/ http://www.openarchives.org/OAI/2.0/OAI-PMH.xsd"><responseDate>2026-06-03T19:21:09Z</responseDate><request verb="GetRecord" identifier="oai:riuma.uma.es:10630/30369" metadataPrefix="marc">https://riuma.uma.es/rest/oai/request</request><GetRecord><record><header><identifier>oai:riuma.uma.es:10630/30369</identifier><datestamp>2026-02-03T11:03:36Z</datestamp><setSpec>com_10630_2254</setSpec><setSpec>col_10630_37953</setSpec></header><metadata><record xmlns="http://www.loc.gov/MARC21/slim" xmlns:dcterms="http://purl.org/dc/terms/" xmlns:doc="http://www.lyncode.com/xoai" xmlns:xsi="http://www.w3.org/2001/XMLSchema-instance" xsi:schemaLocation="http://www.loc.gov/MARC21/slim http://www.loc.gov/standards/marcxml/schema/MARC21slim.xsd">
   <leader>00925njm 22002777a 4500</leader>
   <datafield ind2=" " ind1=" " tag="042">
      <subfield code="a">dc</subfield>
   </datafield>
   <datafield ind2=" " ind1=" " tag="720">
      <subfield code="a">Camacho-Conde, José Antonio</subfield>
      <subfield code="e">author</subfield>
   </datafield>
   <datafield ind2=" " ind1=" " tag="260">
      <subfield code="c">2020-07-07</subfield>
   </datafield>
   <datafield ind2=" " ind1=" " tag="520">
      <subfield code="a">Background: In the last three decades, the relationship between depression and cognition in&#xd;
geriatric patients has been a popular topic among researchers and clinicians. Clinical and&#xd;
epidemiological research has focused on the identification of risk factors that could be&#xd;
modified in pre-dementia syndromes, at a preclinical and early clinical stage of dementia&#xd;
disorders, with specific attention to the role of depression. The objective of this work was to&#xd;
determine the relationship between depressive disorder and cognitive deterioration in&#xd;
institutionalized older adults. Methods: In this descriptive, correlational study, data were&#xd;
gathered from two nursing homes in the province of Jaen (Spain), from a random sample of&#xd;
140 older adults (70 nondependent and 70 dependent). The variables were measured using&#xd;
comprehensive geriatric assessment, the Cambridge Cognitive Test (CAMCOG), and the&#xd;
Geriatric Depression Scale (GDS). Results: Depression was correlated with cognitive level in&#xd;
the nondependent older adult sample (r = –0.471, p = 0.004). Age was inversely associated&#xd;
with the score obtained in the CAMCOG of the nondependent older adult sample (r = –0.352,&#xd;
p = 0.038). The functional capacity in several activities of daily living was correlated with the&#xd;
score obtained in the CAMCOG in each of the two groups. Depression was more prevalent in&#xd;
the dependent than in the nondependent older adults (82.85 vs. 57.14%). No association was&#xd;
observed between institutionalization time and the score obtained on the cognitive and&#xd;
affective scales (GDS and CAMCOG) in both groups (GDS-nondependent, r = –0.209, p =&#xd;
0.234; CAMCOG-nondependent, r = 0.007, p = 0.967; GDS-dependent, r = 0.251, p = 0.152;&#xd;
CAMCOG-dependent, r = –0.021, p = 0.907). Conclusion: Depressive symptomatology is&#xd;
associated with cognitive deterioration. Depression is prevalent in institutions that care for&#xd;
older, more dependent adults</subfield>
   </datafield>
   <datafield ind1="8" ind2=" " tag="024">
      <subfield code="a">Camacho-Conde, J. A., &amp; Galán-López, J. M. (2020). Depression and cognitive impairment in institutionalized older adults. Dementia and Geriatric Cognitive Disorders, 49(1), 107-120. doi: 10.1159/000508626</subfield>
   </datafield>
   <datafield ind1="8" ind2=" " tag="024">
      <subfield code="a">https://hdl.handle.net/10630/30369</subfield>
   </datafield>
   <datafield ind1="8" ind2=" " tag="024">
      <subfield code="a">10.1159/000508626</subfield>
   </datafield>
   <datafield tag="653" ind2=" " ind1=" ">
      <subfield code="a">Demencia</subfield>
   </datafield>
   <datafield tag="653" ind2=" " ind1=" ">
      <subfield code="a">Depresión en ancianos</subfield>
   </datafield>
   <datafield ind2="0" ind1="0" tag="245">
      <subfield code="a">Depression and cognitive impairment in institutionalized older adults.</subfield>
   </datafield>
</record>
</metadata></record></GetRecord></OAI-PMH>